Riconosci il Pokémon - Quiz n°88 - Statistics

Statistiche generali
  • Questo quiz è stato fatto 4 volte
  • Il punteggio medio è 10 su 10
Statistiche sulle risposte
Indizio Risposta % Corretto
Altezza 1,2 m
100%
Tasso di cattura 50 (12.9%)
100%
Sesso 50% ♂, 50% ♀
100%
Peso 5,4 kg
100%
Tipo Acqua
100%
Tasso di allevamento Medio-Veloce
100%
Generazione Nona
100%
Stadio evoluzione Prima evoluzione
100%
Abilità Viscosità; Paura: Sabbiavelo
100%
Pokémon Wugtrio
100%
Nessun quiz corrispondente trovato
Distribuzione punteggi
Percentuale di utenti per punteggio
Percentile per numero di risposta
I tuoi punteggi nel tempo
Non hai fatto questo quiz